Les Empereurs Romains - Statistiques

Statistiques générales
  • Ce quiz a été pris 109 fois
    102 depuis la dernière actualisation
  • Le résultat moyen est 3 sur 18
Answers on the Grid
Answers color-coded by a green-red scale on the quiz's grid according to % correct below.
Auguste
Vespasien
Constantin
Valens
Tibère
Titus
Justinien
Hadrien
Marc Aurèle
Théophile
Septime Sevère
Arcadius
Maxime Pupien
Balbin
Zénon
Domitien
Valérien
Marcien
Tacite
Geta
Commode
Héraclonas
Claude
Staurakios
Neron
Jovien
Dèce
Volusien
Trajan
Alexis Comnène
 
Statistiques - réponses
Réponse % Correct
Auguste
98%
Vespasien
62%
Tibère
25%
Titus
25%
Neron
22%
Marc Aurèle
20%
Claude
15%
Hadrien
15%
Commode
13%
Trajan
13%
Septime Sevère
11%
Dèce
4%
Geta
4%
Tacite
4%
Volusien
2%
Balbin
0%
Maxime Pupien
0%
Valérien
0%
Aucun quiz correspondant
Distribution des résultats
% des personnes avec chaque résultat
Percentile par nombre de réponses
Votre historique - résultats
Vous n’avez pas pris ce quiz depuis la dernière actualisation